000
00467nam a2200169Ia 4500
008
090711s9999 xx 000 0 und d
082
_b
33687
100
_a
गांगल वसंत
245
_a
अनिकेतSा मी
260
_c
1976
300
_a
132
600
_a
गांगल वसंत
630
_a
अनिकेतSा मी
700
_a
गांगल वसंत
730
_a
अनिकेतSा मी
942
_c
BOOK
999
_c
309050
_d
309050